| 000 | 005200000a22001930004500 | ||
|---|---|---|---|
| 001 | 003524 | ||
| 003 | MACL | ||
| 005 | 20150818164319.0 | ||
| 008 | 150818b xxu||||| |||| 00| 0 eng d | ||
| 040 |
_aMACL _cMACL |
||
| 041 | _aEnglish | ||
| 082 | _a577 | ||
| 100 |
_aCederlof, Gunnel _96174 |
||
| 245 |
_aEcological Nationalisms _bNature, Livelihoods, And Identities In South Asia _cGunnel Cederlof |
||
| 260 |
_aNew Delhi _c2005 _bPermanent Black, |
||
| 350 | _a750 | ||
| 650 |
_aEcology _95978 |
||
| 942 |
_k577 _cBK _2ddc |
||
| 999 |
_c15424 _d15424 |
||